Statistiques concernant Culture Générale - Série 865

Cliquez ici pour prendre le quiz!

Statistiques générales

  • Ce quiz a été pris 89 fois
  • Le résultat moyen est 3 sur 10

Statistiques - réponses

QuestionRéponse% Correct
Complétez le proverbe : "La bave du crapaud n'atteint pas la blanche...colombe
90%
Quel mot japonais désigne un bâtonnet, souvent orange et blanc, composé de pâte de poisson aromatisée au crabe ?surimi
88%
Quel mot, dont le nom signifie "voile d'autel", désigne la partie supérieure d'une forêt tropicale qui abrite la plupart des espèces qui y vivent ?canopée
46%
Dans quel pays européen se situe la ville d'Ath ?Belgique
37%
Quel ancien footballeur international a été élu président de la République du Liberia le 26 décembre 2017 ?George Weah
34%
La série des "Bas-de-cuir" est constituée de cinq romans d'aventures, écrits au 19e siècle par : James Fenimore...Cooper
20%
Quel animal est un tadorne ?canard
17%
Nice est une ville en France, mais Nis est une ville de ...Serbie
9%
Titre honorifique donné dans l'ancienne Turquie aux officiers supérieurs et au chef des janissairesaga
5%
Quel nom porte le voilier de Philippe Poupon avec lequel il parcourt mers et océans avec son épouse et ses enfants ?Fleur australe
4%

Distribution des résultats

Percentile par nombre de réponses

% des personnes avec chaque résultat

Votre développement - résultats

Vous n’avez pas pris ce quiz